| 000 | 01495cam a22002294a 4500 | ||
|---|---|---|---|
| 005 | 20250605164023.0 | ||
| 008 | 250528s ||||||||||||||||||||||||d | ||
| 035 | _a16433 | ||
| 020 | _a860916669 | ||
| 040 |
_aGR-AtMCL _bgre _dGR-AtMCL _eAACR2 |
||
| 245 | 1 | _aWhat About the Workers? / Workers and the Transition to Capitalism in Russia | |
| 260 |
_bVerso, _c1993 |
||
| 300 | _a248 | ||
| 520 | _aThis book questions whether Russia is in transition to capitalism and looks behind the political and ideological debates to focus on the development of the social relations of production, and on the class struggles to which these give rise. Introduction: Class Struggle and the Development of Capitalism in Russia, The Contradictions of ''State Socialism'', The Crisis of the Soviet System, The Soviet Transition from Socialism to Capitalism: Worker Control and Economic Bargaining in the Wood Industry, Trade Unions and the Working Class, The Origins of the Independent Workers' Movement and the 1989 Miners' Strike, Beyond the Mines: The Politics of the New Workers' Movement, The Strikes of 1991 and the Collapse of the Soviet System, After the Coup: The Workers' Movement in the Transition to a Market Economy, Privatization and the Development of Capitalism in Russia, Bibliography. | ||
| 700 | 1 |
_aBurawoy Michael _92523 |
|
| 700 | 1 |
_aClarke Simon _92524 |
|
| 700 | 1 |
_aFairbrother Peter _92525 |
|
| 700 | 1 |
_aKrotov Pavel _92526 |
|
| 942 | _cBK | ||
| 999 |
_c1933 _d1933 |
||